000 nam a22 7a 4500
999 _c10346
_d10346
008 180215b ||||| |||| 00| 0 eng d
100 _aMohan, A
_96306
245 _aLiterature Reader -VII
260 _aNew Delhi
_bPrachi Publication
_c2013